01393nam a2200409 a 4500008004100000020002000041040002500061041000800086044001100094072001300105072001300118080001800131080002500149080002000174080001100194080001200205100003400217245011300251250001200364260004400376300002400420504003600444650004200480650003600522650004700558650003000605650002400635650003500659650004100694650002900735650002400764650003500788650003600823650004400859700004300903700003700946031211s2003 xo gr 0 slo c a8089104282cDar aSNKbslocSNKeAACR21 aslo axocSK 7a6152SNK 7a6162SNK a615.03(048.8) a616-085:615.2(048.8) a616-08:615.2/.3 a615.03 a(048.8)1 aMagulová, Lívia4aut4edt10aInterakcie liečiv v klinickej praxicLívia Magulová, Lýdia Božeková, Milan Kriška a kolektív a1. vyd. aBratislavabSlovak Academic Pressc2003 a328 s.btab.c21 cm aBibliogr. odkazy. Vecný index07ainterakcie liekovéxmonografie2SNK07afarmakoterapiaxmonografie2SNK07afarmakológia klinickáxmonografie2SNK07ainterakcie liekové2SNK07afarmakoterapia2SNK07afarmakológia klinická2SNK07amonografia (publikačný typ)2SNK07ainterakcie liečiv2SNK07afarmakoterapia2SNK07aklinická farmakológia2SNK07aFarmácia. Farmakológia2SNK07aPatológia. Klinická medicína2SNK1 aBožeková, Lýdiad1945-4aut4edt1 aKriška, Miland1940-4aut4edt